Zgadnij narodowość piłkarza - Statystyki

Ogólne statystyki
  • Ten quiz został rozwiązany 314 razy
  • Średni wynik to 14 z 15
Statystyki odpowiedzi
Hint Odpowiedź % Poprawnych
Cristiano Ronaldo Portugalia
100%
Leo Messi Argentyna
99%
Paulo Dybala Argentyna
99%
Sergio Ramos Hiszpania
99%
Robert Lewandowski Polska
99%
Luka Modric Chorwacja
95%
Giorgio Chiellini Włochy
95%
Marcelo Brazylia
93%
Roberto Firmino Brazylia
93%
Mohamed Salah Egipt
92%
Romelu Lukaku Belgia
91%
Trent Alexander-Arnold Anglia
90%
Sadio Mane Senegal
84%
Jan Oblak Słowenia
84%
Raúl Jiménez Meksyk
69%
Nie znaleziono quizów pasujących do podanych kryteriów
Rozkład punktacji
Procent ludzi z każdym wynikiem
Percentyl według liczby udzielonych odpowiedzi
Twoja historia wyników
Nie rozwiązałeś tego quizu